Hudba má chuť narkotika husľový virtuóz Peter Michalica:- Na Slovensku nehrá na stradivárkach nik

Bibliographic Details
Main Authors: Medvecová, Dobroslava, 1938- (ain), Michalica, Peter, 1945- (Author, uin)
Format: Article
Language:Slovak
PhysicalDescription:Fotogr.
ISSN:0139-6323
Subjects:

MARC

LEADER 00000nab a2200000 a 4500
001 vtls000702260
003 SK-MaSNL
005 20260302181819.0
008 160322c1999 xo 0 slo
015 |a SNBRB1999/09-19256 
035 |a CLN000054427 
040 |a SNKBUCL  |b slo  |c SNKBUCL  |e AACR2 
041 0 |a slo 
044 |a xo  |c SK 
080 |a 78.071.2:787.1  |2 UDC-MRF-SK2 
080 |a 787.1  |2 UDC-MRF-SK2 
080 |a 929 Michalica, Peter  |2 UDC-MRF-SK2 
100 1 |a Medvecová, Dobroslava,  |d 1938-  |4 ain  |9 839195 
245 1 0 |a Hudba má chuť narkotika  |b husľový virtuóz Peter Michalica:- Na Slovensku nehrá na stradivárkach nik  |c [zhovárala sa] Dobroslava Medvecová 
300 |b Fotogr. 
600 1 7 |a Michalica, Peter,  |d 1945-  |2 snkbucl  |9 113716 
655 7 |a články z novín a časopisov  |2 snkbucl  |9 267496 
700 1 |a Michalica, Peter,  |d 1945-  |4 aut  |4 uin  |9 113716 
773 0 |x 0139-6323  |t Život  |g Roč. 49, č. 10 (1999), s. 12-13 
850 |a Slovenská národná knižnica v Martine 
852 |a SNK  |b KIS3GCP 
958 |a SK 
958 |a BX 
958 |a RBX 
999 |c 1415621  |d 1417551